000 00600nam a2200241Ia 4500
003 OSt
005 20220926035035.0
006 a|||||r|||| 00| 0
007 ta
008 220923b |||||||| |||| 00| 0 eng d
037 _cGeneral Book
040 _aRTL
_cRTL
_beng
041 _2eng
_aeng
082 _aB, J6
100 _aElliott W W
_9341759
245 0 _aCollege Mathematics
250 _a2
260 _c1956
650 _aMathematics
_92141
700 _a Miles Edward R C
_9341760
942 _hB, J6
_cGB
_2CC
999 _c661193
_d661193